[Event "XXII. DBMM Schach"]
[Site "Dresden"]
[Date "2024.01.19"]
[Round "4.1"]
[Board "1"]
[White "Thiede, Lars"]
[Black "Sawatzki, Frank"]
[Result "1/2-1/2"]
[WhiteElo "2420"]
[BlackElo "2347"]
[Annotator "br"]
[PlyCount "99"]
[GameId "489223825334"]
[EventDate "2024.01.18"]
[EventType "team-swiss"]
[EventRounds "7"]
[EventCountry "GER"]
[Tiebreak "Buchholz"]
[SourceTitle "XXII. DBMM Schach"]
[Source "FV Schach e.V."]
[SourceDate "2024.01.21"]
[SourceVersion "1"]
[SourceVersionDate "2024.01.21"]
[SourceQuality "1"]
[WhiteTeam "BA Tempelhof Berlin"]
[BlackTeam "BA Nord/Baubehoerde Hamburg"]
[WhiteTeamCountry "GER"]
[BlackTeamCountry "GER"]

1. c4 c5 2. g3 g6 3. Bg2 Bg7 4. Nc3 Nc6 5. Nf3 e5 6. O-O Nge7 7. a3 O-O 8. Rb1 d5 9. cxd5 Nxd5 10. Nxe5 Nxc3 11. Nxc6 Nxe2+ 12. Qxe2 bxc6 13. Bxc6 Bf5 14. Be4 Bxe4 15. Qxe4 a5 16. Qc4 Re8 17. d3 Rb8 18. Be3 Bxb2 19. Bxc5 Qc7 20. Rfe1 Qc6 21. Re7 Rxe7 22. Bxe7 Qe8 23. Bd6 Rc8 24. Qd5 Qc6 25. Qxc6 Rxc6 26. Rxb2 Rxd6 27. Rb3 a4 28. Rc3 Rb6 29. Rc4 Rb3 30. Rxa4 Rxd3 31. h4 h5 32. Kf1 Rd2 33. Kg2 Kg7 34. Rf4 Ra2 35. a4 Ra3 36. Kf1 f6 37. Ke2 g5 38. Rb4 Ra2+ 39. Kf1 Kg6 40. Kg2 Ra3 41. hxg5 fxg5 42. Rb6+ Kg7 43. Ra6 Kh7 44. a5 h4 45. Ra7+ Kg6 46. g4 Ra4 47. Ra6+ Kg7 48. Kh3 Ra3+ 49. Kh2 Ra4 50. Kh3 1/2-1/2

[Event "XXII. DBMM Schach"]
[Site "Dresden"]
[Date "2024.01.19"]
[Round "4.2"]
[Board "2"]
[White "Hohlfeld, Wolfgang"]
[Black "Kalinitschew, Sergej"]
[Result "0-1"]
[WhiteElo "2041"]
[BlackElo "2391"]
[Annotator "br"]
[PlyCount "84"]
[GameId "489223825335"]
[EventDate "2024.01.18"]
[EventType "team-swiss"]
[EventRounds "7"]
[EventCountry "GER"]
[Tiebreak "Buchholz"]
[SourceTitle "XXII. DBMM Schach"]
[Source "FV Schach e.V."]
[SourceDate "2024.01.21"]
[SourceVersion "1"]
[SourceVersionDate "2024.01.21"]
[SourceQuality "1"]
[WhiteTeam "BA Nord/Baubehoerde Hamburg"]
[BlackTeam "BA Tempelhof Berlin"]
[WhiteTeamCountry "GER"]
[BlackTeamCountry "GER"]

1. e4 g6 2. d4 Bg7 3. Nf3 d6 4. Be2 Nf6 5. Nc3 O-O 6. O-O Nc6 7. d5 Nb8 8. h3 e5 9. dxe6 Bxe6 10. Bg5 h6 11. Be3 Nc6 12. Qd2 Kh7 13. Nd4 Bd7 14. f4 Re8 15. Bf3 Nxd4 16. Bxd4 c5 17. Bf2 Bc6 18. Rfe1 Qc7 19. Rad1 Rad8 20. Nd5 Nxd5 21. exd5 Bd7 22. c3 Bf6 23. Be4 Kg7 24. Bc2 Qc8 25. Rxe8 Rxe8 26. Re1 a5 27. Rxe8 Qxe8 28. Qe3 Qd8 29. f5 g5 30. Bg3 Qb6 31. b3 Qa6 32. Kh2 b5 33. Bd1 b4 34. Be2 Qb6 35. cxb4 axb4 36. Bd3 Qc7 37. Qe2 Be5 38. f6+ Kxf6 39. Qe4 Bxg3+ 40. Kxg3 Qd8 41. h4 Qe7 42. hxg5+ hxg5 0-1

[Event "XXII. DBMM Schach"]
[Site "Dresden"]
[Date "2024.01.19"]
[Round "4.3"]
[Board "3"]
[White "Mueller, Mark"]
[Black "Hein, Ralf"]
[Result "1/2-1/2"]
[WhiteElo "2059"]
[BlackElo "2018"]
[Annotator "br"]
[PlyCount "167"]
[GameId "489223825336"]
[EventDate "2024.01.18"]
[EventType "team-swiss"]
[EventRounds "7"]
[EventCountry "GER"]
[Tiebreak "Buchholz"]
[SourceTitle "XXII. DBMM Schach"]
[Source "FV Schach e.V."]
[SourceDate "2024.01.21"]
[SourceVersion "1"]
[SourceVersionDate "2024.01.21"]
[SourceQuality "1"]
[WhiteTeam "BA Tempelhof Berlin"]
[BlackTeam "BA Nord/Baubehoerde Hamburg"]
[WhiteTeamCountry "GER"]
[BlackTeamCountry "GER"]

1. d4 d5 2. c4 c6 3. Nc3 g6 4. cxd5 cxd5 5. Qb3 Nf6 6. Bg5 Bg7 7. Bxf6 Bxf6 8. Qxd5 O-O 9. Qxd8 Rxd8 10. e3 Nc6 11. O-O-O b6 12. f4 Bb7 13. b3 Rac8 14. Kb2 g5 15. f5 Nb4 16. Nge2 Ba6 17. Ng3 Bb7 18. a3 Nd5 19. Nxd5 Bxd5 20. Ba6 Rc7 21. Rd2 e5 22. e4 Bc6 23. d5 Be8 24. d6 Rc6 25. Bb5 Rc5 26. Bxe8 Rxe8 27. Rc1 Rxc1 28. Kxc1 g4 29. Kb2 Rd8 30. Kc3 Bg5 31. Rd5 Rc8+ 32. Kb4 a6 33. Rxe5 Bd2+ 34. Ka4 b5+ 35. Rxb5 axb5+ 36. Kxb5 Rc3 37. e5 Rxb3+ 38. Kc6 Rxa3 39. Ne4 Bg5 40. Nf6+ Kg7 41. Nxg4 h5 42. Nf6 h4 43. g3 h3 44. Nh5+ Kf8 45. e6 fxe6 46. fxe6 Bd8 47. Kd7 Ra8 48. e7+ Bxe7 49. dxe7+ Kf7 50. Nf4 Ra7+ 51. Kd6 Rxe7 52. Nxh3 Re2 53. Ng5+ Kf6 54. h4 Rd2+ 55. Kc5 Kf5 56. Nf3 Rd8 57. Nd4+ Kg4 58. Ne6 Rd1 59. Nd4 Kxg3 60. Kd5 Kxh4 61. Ke5 Kg4 62. Ke4 Re1+ 63. Kd5 Kf4 64. Ne6+ Kf5 65. Nd4+ Kf6 66. Nf3 Re3 67. Nd4 Re5+ 68. Kc4 Rh5 69. Nf3 Kf5 70. Nd4+ Ke4 71. Ne6 Rh4 72. Nc5+ Ke5+ 73. Kc3 Kd5 74. Nd3 Rh3 75. Kc2 Kd4 76. Nf4 Rh2+ 77. Kb3 Rf2 78. Ne6+ Kd5 79. Nc7+ Kc6 80. Ne6 Kd6 81. Nd4 Kd5 82. Kc3 Rh2 83. Nc2 Kc5 84. Kd3 1/2-1/2

[Event "XXII. DBMM Schach"]
[Site "Dresden"]
[Date "2024.01.19"]
[Round "4.4"]
[Board "4"]
[White "Buchholz, Robert"]
[Black "Kettenburg, Stefan"]
[Result "0-1"]
[WhiteElo "1953"]
[BlackElo "2050"]
[Annotator "br"]
[PlyCount "82"]
[GameId "489223825337"]
[EventDate "2024.01.18"]
[EventType "team-swiss"]
[EventRounds "7"]
[EventCountry "GER"]
[Tiebreak "Buchholz"]
[SourceTitle "XXII. DBMM Schach"]
[Source "FV Schach e.V."]
[SourceDate "2024.01.21"]
[SourceVersion "1"]
[SourceVersionDate "2024.01.21"]
[SourceQuality "1"]
[WhiteTeam "BA Nord/Baubehoerde Hamburg"]
[BlackTeam "BA Tempelhof Berlin"]
[WhiteTeamCountry "GER"]
[BlackTeamCountry "GER"]

1. d4 d5 2. c4 e6 3. Nc3 Nf6 4. Nf3 Be7 5. Bf4 c6 6. e3 Nbd7 7. h3 O-O 8. Bd3 dxc4 9. Bxc4 Nd5 10. Bxd5 exd5 11. O-O Re8 12. e4 dxe4 13. Nxe4 Nf6 14. Nxf6+ Bxf6 15. Be5 Be6 16. Re1 Bd5 17. Re3 Re6 18. Qd3 Bxf3 19. Rxf3 Bxe5 20. dxe5 Rxe5 21. Qb3 Qc7 22. Rd1 Rae8 23. g3 Re1+ 24. Rxe1 Rxe1+ 25. Kg2 Qe7 26. Re3 Rxe3 27. fxe3 Qd7 28. Qa3 b6 29. Kf2 a5 30. h4 h6 31. Qc3 Qe6 32. Qa3 Qf5+ 33. Ke2 Qc2+ 34. Kf3 Qd2 35. Qe7 Qxb2 36. Qe8+ Kh7 37. Qe4+ g6 38. Qxc6 Qxa2 39. Qxb6 a4 40. g4 Qd5+ 41. e4 Qb3+ 0-1

[Event "XXII. DBMM Schach"]
[Site "Dresden"]
[Date "2024.01.19"]
[Round "4.1"]
[Board "1"]
[White "Gottschalk, Jens"]
[Black "Walther, Hans Wolfgang"]
[Result "1/2-1/2"]
[WhiteElo "2213"]
[BlackElo "2085"]
[Annotator "br"]
[PlyCount "121"]
[GameId "489223825343"]
[EventDate "2024.01.18"]
[EventType "team-swiss"]
[EventRounds "7"]
[EventCountry "GER"]
[Tiebreak "Buchholz"]
[SourceTitle "XXII. DBMM Schach"]
[Source "FV Schach e.V."]
[SourceDate "2024.01.21"]
[SourceVersion "1"]
[SourceVersionDate "2024.01.21"]
[SourceQuality "1"]
[WhiteTeam "R+V Versicherung Wiesbaden"]
[BlackTeam "Deutsche Bahn/BSW Berlin"]
[WhiteTeamCountry "GER"]
[BlackTeamCountry "GER"]

1. d4 d5 2. c4 e6 3. Nf3 Nf6 4. g3 Be7 5. Bg2 O-O 6. O-O c6 7. Qc2 Nbd7 8. b3 b5 9. Bf4 bxc4 10. bxc4 Ba6 11. Nbd2 Nb6 12. Ne5 Rc8 13. Rfe1 c5 14. cxd5 Nfxd5 15. Qb2 cxd4 16. Rac1 Rxc1 17. Qxc1 Nxf4 18. gxf4 Nd5 19. Nb3 Bb4 20. Nc6 Qb6 21. Nxb4 Nxb4 22. Qd2 Rd8 23. Rc1 g6 24. a3 Nd3 25. Rc6 Qxb3 26. Rxa6 Qb1+ 27. Bf1 Nc5 28. Rxa7 Ne4 29. Qd3 Qb6 30. Ra6 Qb7 31. Bg2 f5 32. Rxe6 Qd7 33. Qc4 Qf7 34. Rc6 Nc3 35. Bf3 Qxc4 36. Rxc4 Rd6 37. e3 Nb1 38. exd4 Nd2 39. Rc8+ Kg7 40. Rc7+ Kf6 41. Bc6 Rxd4 42. Rd7 Rc4 43. Bb5 Rc1+ 44. Kg2 Ne4 45. a4 Rc2 46. a5 Rxf2+ 47. Kg1 Ra2 48. a6 Nc5 49. Rxh7 Nxa6 50. Bc4 Ra1+ 51. Kg2 g5 52. Rh6+ Kg7 53. fxg5 Nb4 54. Rb6 Nc2 55. Kg3 Ra4 56. Bd3 Rg4+ 57. Kf2 Nd4 58. Rd6 Nb3 59. h4 Rxh4 60. Rf6 Nd4 61. Bxf5 1/2-1/2

[Event "XXII. DBMM Schach"]
[Site "Dresden"]
[Date "2024.01.19"]
[Round "4.2"]
[Board "2"]
[White "Fleuch, Hans Juergen"]
[Black "Launert, Martin"]
[Result "1/2-1/2"]
[WhiteElo "1939"]
[BlackElo "1827"]
[Annotator "br"]
[PlyCount "47"]
[GameId "489223825344"]
[EventDate "2024.01.18"]
[EventType "team-swiss"]
[EventRounds "7"]
[EventCountry "GER"]
[Tiebreak "Buchholz"]
[SourceTitle "XXII. DBMM Schach"]
[Source "FV Schach e.V."]
[SourceDate "2024.01.21"]
[SourceVersion "1"]
[SourceVersionDate "2024.01.21"]
[SourceQuality "1"]
[WhiteTeam "Deutsche Bahn/BSW Berlin"]
[BlackTeam "R+V Versicherung Wiesbaden"]
[WhiteTeamCountry "GER"]
[BlackTeamCountry "GER"]

1. e4 e5 2. Nf3 Nc6 3. Bb5 a6 4. Ba4 Nf6 5. d3 b5 6. Bb3 Be7 7. c3 d6 8. O-O O-O 9. Re1 Na5 10. Bc2 c5 11. Nbd2 h6 12. Nf1 Nh7 13. Ng3 Ng5 14. Nxg5 Bxg5 15. Be3 g6 16. d4 cxd4 17. cxd4 Bxe3 18. fxe3 Qg5 19. b3 Qe7 20. Rf1 Nc6 21. Qd2 Bd7 22. Rf2 Rac8 23. Raf1 f6 24. Bd3 1/2-1/2

[Event "XXII. DBMM Schach"]
[Site "Dresden"]
[Date "2024.01.19"]
[Round "4.3"]
[Board "3"]
[White "Nischke, Klaus Peter"]
[Black "Tichatschke, Wolfgang"]
[Result "0-1"]
[WhiteElo "1670"]
[BlackElo "1911"]
[Annotator "br"]
[PlyCount "96"]
[GameId "489223825345"]
[EventDate "2024.01.18"]
[EventType "team-swiss"]
[EventRounds "7"]
[EventCountry "GER"]
[Tiebreak "Buchholz"]
[SourceTitle "XXII. DBMM Schach"]
[Source "FV Schach e.V."]
[SourceDate "2024.01.21"]
[SourceVersion "1"]
[SourceVersionDate "2024.01.21"]
[SourceQuality "1"]
[WhiteTeam "R+V Versicherung Wiesbaden"]
[BlackTeam "Deutsche Bahn/BSW Berlin"]
[WhiteTeamCountry "GER"]
[BlackTeamCountry "GER"]

1. e4 e6 2. d4 d5 3. exd5 exd5 4. Nf3 Nf6 5. Be2 Be7 6. O-O O-O 7. Ne5 c5 8. Bg5 Nc6 9. Bxf6 Bxf6 10. Nxc6 bxc6 11. c3 cxd4 12. cxd4 Qb6 13. Nc3 Qxd4 14. Bd3 Qf4 15. Ne2 Qg4 16. Qc2 Bd7 17. Bxh7+ Kh8 18. Bd3 Rab8 19. Rab1 Rfe8 20. f4 Re3 21. Qd2 Rbe8 22. Ng3 Rxg3 23. hxg3 Bd4+ 24. Rf2 Qxg3 25. Bc2 Be3 26. Qe2 Bg4 27. Qe1 Qxf4 28. Bd1 Bxd1 29. Rxd1 Re6 30. Rd3 Bxf2+ 31. Qxf2 Qxf2+ 32. Kxf2 Re7 33. Rc3 Rc7 34. Ke3 Kg8 35. b4 Kf8 36. Kd4 Ke7 37. b5 Kd6 38. Rc5 cxb5 39. Rxd5+ Kc6 40. g4 Rd7 41. Rxd7 Kxd7 42. Kc5 a6 43. Kb6 Kd6 44. Kxa6 Kc6 45. Ka5 Kc5 46. Ka6 f6 47. Kb7 g6 48. Kc7 f5 0-1

[Event "XXII. DBMM Schach"]
[Site "Dresden"]
[Date "2024.01.19"]
[Round "4.4"]
[Board "4"]
[White "Fitzke, Ulrich"]
[Black "Schmidt, Joerg"]
[Result "1-0"]
[WhiteElo "1765"]
[BlackElo "1762"]
[Annotator "br"]
[PlyCount "91"]
[GameId "489223825346"]
[EventDate "2024.01.18"]
[EventType "team-swiss"]
[EventRounds "7"]
[EventCountry "GER"]
[Tiebreak "Buchholz"]
[SourceTitle "XXII. DBMM Schach"]
[Source "FV Schach e.V."]
[SourceDate "2024.01.21"]
[SourceVersion "1"]
[SourceVersionDate "2024.01.21"]
[SourceQuality "1"]
[WhiteTeam "Deutsche Bahn/BSW Berlin"]
[BlackTeam "R+V Versicherung Wiesbaden"]
[WhiteTeamCountry "GER"]
[BlackTeamCountry "GER"]

1. d4 d5 2. c4 e6 3. e3 Nf6 4. Nc3 Nbd7 5. Nf3 c6 6. Bd3 dxc4 7. Bxc4 Nb6 8. Bb3 Nbd5 9. Bd2 Nxc3 10. Bxc3 Ne4 11. Qc2 Nxc3 12. Qxc3 a5 13. a3 Be7 14. O-O O-O 15. Rac1 Bd7 16. Ne5 Be8 17. Ba2 Rc8 18. Rfd1 Bf6 19. Nc4 b6 20. Qb3 Rb8 21. Bb1 Bd7 22. Qd3 g6 23. Qe4 Qc7 24. Rc2 c5 25. Qf3 Bg7 26. dxc5 bxc5 27. Rcd2 Ba4 28. Rc1 Bc6 29. Be4 Bb5 30. Nd6 Ba6 31. Rcc2 Rb6 32. Qd1 f5 33. Bf3 Be5 34. Nc4 Bxc4 35. Rxc4 Bxh2+ 36. Kh1 Bd6 37. b4 Qe7 38. bxc5 Rbb8 39. cxd6 Qf6 40. d7 g5 41. Rd6 g4 42. Bc6 Rfd8 43. Kg1 Qe5 44. Rxe6 Rb1 45. Re8+ Kf7 46. Qxb1 1-0

[Event "XXII. DBMM Schach"]
[Site "Dresden"]
[Date "2024.01.19"]
[Round "4.1"]
[Board "1"]
[White "Feikes, Joerg"]
[Black "Koscielski, Janusz"]
[Result "0-1"]
[WhiteElo "2054"]
[BlackElo "2261"]
[Annotator "br"]
[PlyCount "107"]
[GameId "489223825347"]
[EventDate "2024.01.18"]
[EventType "team-swiss"]
[EventRounds "7"]
[EventCountry "GER"]
[Tiebreak "Buchholz"]
[SourceTitle "XXII. DBMM Schach"]
[Source "FV Schach e.V."]
[SourceDate "2024.01.21"]
[SourceVersion "1"]
[SourceVersionDate "2024.01.21"]
[SourceQuality "1"]
[WhiteTeam "BA Tempelhof Berlin II"]
[BlackTeam "fachpool gGmbH Herne"]
[WhiteTeamCountry "GER"]
[BlackTeamCountry "GER"]

1. e4 c6 2. d4 d5 3. Nc3 dxe4 4. Nxe4 Bf5 5. Ng3 Bg6 6. Nf3 Nd7 7. Bd3 e6 8. O-O Ngf6 9. Re1 Be7 10. c4 Bxd3 11. Qxd3 O-O 12. Bd2 Re8 13. Rad1 Qc7 14. Bc3 Rad8 15. Qc2 h6 16. b3 a6 17. Re2 Bf8 18. Red2 Be7 19. Qb2 b5 20. Rd3 Bd6 21. Ne5 b4 22. Nxd7 Rxd7 23. Be1 Red8 24. Qe2 a5 25. h3 c5 26. Ne4 Nxe4 27. Qxe4 cxd4 28. Rxd4 Bh2+ 29. Kf1 Rxd4 30. Rxd4 Rxd4 31. Qxd4 Be5 32. Qd3 Bf6 33. g3 Qe5 34. Qe2 Qa1 35. Kg2 Qb1 36. c5 Qc1 37. Qe3 Qc2 38. h4 Be7 39. Qf3 Qxc5 40. Qa8+ Kh7 41. Qe8 f6 42. Kf1 Qd6 43. Ke2 Qe5+ 44. Kf1 Bd6 45. h5 Qd5 46. Qg6+ Kg8 47. Ke2 Qb5+ 48. Kd1 Be5 49. Bd2 Qd7 50. Ke2 Kf8 51. Be3 f5 52. g4 Qb5+ 53. Kd1 Qd3+ 54. Ke1 0-1

[Event "XXII. DBMM Schach"]
[Site "Dresden"]
[Date "2024.01.19"]
[Round "4.2"]
[Board "2"]
[White "Hortolani, Sven Holger"]
[Black "Baranowsky, Peter"]
[Result "1/2-1/2"]
[WhiteElo "2135"]
[BlackElo "1883"]
[Annotator "br"]
[PlyCount "49"]
[GameId "489223825348"]
[EventDate "2024.01.18"]
[EventType "team-swiss"]
[EventRounds "7"]
[EventCountry "GER"]
[Tiebreak "Buchholz"]
[SourceTitle "XXII. DBMM Schach"]
[Source "FV Schach e.V."]
[SourceDate "2024.01.21"]
[SourceVersion "1"]
[SourceVersionDate "2024.01.21"]
[SourceQuality "1"]
[WhiteTeam "fachpool gGmbH Herne"]
[BlackTeam "BA Tempelhof Berlin II"]
[WhiteTeamCountry "GER"]
[BlackTeamCountry "GER"]

1. Nf3 d5 2. g3 c6 3. Bg2 Bg4 4. c4 e6 5. O-O Nf6 6. d3 Nbd7 7. Nbd2 Be7 8. b3 O-O 9. Bb2 Re8 10. Qc2 Bf8 11. e4 dxe4 12. Nxe4 Nxe4 13. dxe4 e5 14. Bc3 Qc7 15. b4 b6 16. Qb2 f6 17. Rfd1 Rad8 18. Rd2 Be7 19. h3 Be6 20. Bf1 Nf8 21. Rad1 Rxd2 22. Rxd2 Rd8 23. Rxd8 Qxd8 24. Qd2 Qxd2 25. Nxd2 1/2-1/2

[Event "XXII. DBMM Schach"]
[Site "Dresden"]
[Date "2024.01.19"]
[Round "4.3"]
[Board "3"]
[White "Koerlin, Hans Juergen"]
[Black "Leveikina, Jevgenija"]
[Result "1/2-1/2"]
[WhiteElo "1855"]
[BlackElo "2064"]
[Annotator "br"]
[PlyCount "34"]
[GameId "489223825349"]
[EventDate "2024.01.18"]
[EventType "team-swiss"]
[EventRounds "7"]
[EventCountry "GER"]
[Tiebreak "Buchholz"]
[SourceTitle "XXII. DBMM Schach"]
[Source "FV Schach e.V."]
[SourceDate "2024.01.21"]
[SourceVersion "1"]
[SourceVersionDate "2024.01.21"]
[SourceQuality "1"]
[WhiteTeam "BA Tempelhof Berlin II"]
[BlackTeam "fachpool gGmbH Herne"]
[WhiteTeamCountry "GER"]
[BlackTeamCountry "GER"]

1. e4 c6 2. d4 d5 3. e5 Bf5 4. Nc3 Qb6 5. g4 Bd7 6. Be2 e6 7. f4 c5 8. Nf3 cxd4 9. Nxd4 Bc5 10. Nf3 h5 11. gxh5 Rxh5 12. Qd3 Ne7 13. Ng5 Rh8 14. Bg4 g6 15. Bd2 Bf2+ 16. Ke2 Bc5 17. a4 Nbc6 1/2-1/2

[Event "XXII. DBMM Schach"]
[Site "Dresden"]
[Date "2024.01.19"]
[Round "4.4"]
[Board "4"]
[White "Selmanaj, Agim"]
[Black "Thomas, Andreas"]
[Result "1/2-1/2"]
[WhiteElo "1643"]
[BlackElo "1835"]
[Annotator "br"]
[PlyCount "35"]
[GameId "489223825350"]
[EventDate "2024.01.18"]
[EventType "team-swiss"]
[EventRounds "7"]
[EventCountry "GER"]
[Tiebreak "Buchholz"]
[SourceTitle "XXII. DBMM Schach"]
[Source "FV Schach e.V."]
[SourceDate "2024.01.21"]
[SourceVersion "1"]
[SourceVersionDate "2024.01.21"]
[SourceQuality "1"]
[WhiteTeam "fachpool gGmbH Herne"]
[BlackTeam "BA Tempelhof Berlin II"]
[WhiteTeamCountry "GER"]
[BlackTeamCountry "GER"]

1. e4 c5 2. Bc4 e6 3. Nc3 Nc6 4. Nf3 Nf6 5. a3 Be7 6. h3 a6 7. Be2 Qc7 8. O-O O-O 9. d3 d5 10. exd5 exd5 11. Bg5 Be6 12. d4 c4 13. Nh2 Qd7 14. Ng4 Bxg4 15. Bxg4 Nxg4 16. Bxe7 Nxe7 17. Qxg4 Qxg4 18. hxg4 1/2-1/2

[Event "XXII. DBMM Schach"]
[Site "Dresden"]
[Date "2024.01.19"]
[Round "4.1"]
[Board "1"]
[White "Zahn, Fabian"]
[Black "Hammes, Frank"]
[Result "1/2-1/2"]
[WhiteElo "1983"]
[BlackElo "2120"]
[Annotator "br"]
[PlyCount "28"]
[GameId "489223825351"]
[EventDate "2024.01.18"]
[EventType "team-swiss"]
[EventRounds "7"]
[EventCountry "GER"]
[Tiebreak "Buchholz"]
[SourceTitle "XXII. DBMM Schach"]
[Source "FV Schach e.V."]
[SourceDate "2024.01.21"]
[SourceVersion "1"]
[SourceVersionDate "2024.01.21"]
[SourceQuality "1"]
[WhiteTeam "Siemens Energy Duisburg"]
[BlackTeam "EFS Filtertechnik Erkrath"]
[WhiteTeamCountry "GER"]
[BlackTeamCountry "GER"]

1. d4 Nf6 2. Bf4 e6 3. e3 b6 4. Nf3 Bb7 5. Nbd2 Be7 6. h3 O-O 7. Bd3 c5 8. O-O d5 9. c3 Nc6 10. Qe2 cxd4 11. exd4 Re8 12. Rad1 Nd7 13. Rfe1 Nf8 14. Nf1 Bd6 1/2-1/2

[Event "XXII. DBMM Schach"]
[Site "Dresden"]
[Date "2024.01.19"]
[Round "4.2"]
[Board "2"]
[White "Hartig, Uwe"]
[Black "Muranyi, Erich"]
[Result "1-0"]
[WhiteElo "1990"]
[BlackElo "1986"]
[Annotator "br"]
[PlyCount "35"]
[GameId "489223825352"]
[EventDate "2024.01.18"]
[EventType "team-swiss"]
[EventRounds "7"]
[EventCountry "GER"]
[Tiebreak "Buchholz"]
[SourceTitle "XXII. DBMM Schach"]
[Source "FV Schach e.V."]
[SourceDate "2024.01.21"]
[SourceVersion "1"]
[SourceVersionDate "2024.01.21"]
[SourceQuality "1"]
[WhiteTeam "EFS Filtertechnik Erkrath"]
[BlackTeam "Siemens Energy Duisburg"]
[WhiteTeamCountry "GER"]
[BlackTeamCountry "GER"]

1. e4 c5 2. Nf3 Nc6 3. Bb5 g6 4. O-O Bg7 5. Re1 Nd4 6. a4 Nxb5 7. axb5 Nf6 8. e5 Nd5 9. d4 d6 10. c4 Nb4 11. exd6 Qxd6 12. dxc5 Qxc5 13. Be3 Qxc4 14. Na3 Qg4 15. Bc5 O-O 16. Bxe7 Re8 17. Bxb4 Rxe1+ 18. Qxe1 1-0

[Event "XXII. DBMM Schach"]
[Site "Dresden"]
[Date "2024.01.19"]
[Round "4.3"]
[Board "3"]
[White "Bauland, Thomas"]
[Black "Kehr, Joachim"]
[Result "1/2-1/2"]
[WhiteElo "1892"]
[BlackElo "1912"]
[Annotator "br"]
[PlyCount "46"]
[GameId "489223825353"]
[EventDate "2024.01.18"]
[EventType "team-swiss"]
[EventRounds "7"]
[EventCountry "GER"]
[Tiebreak "Buchholz"]
[SourceTitle "XXII. DBMM Schach"]
[Source "FV Schach e.V."]
[SourceDate "2024.01.21"]
[SourceVersion "1"]
[SourceVersionDate "2024.01.21"]
[SourceQuality "1"]
[WhiteTeam "Siemens Energy Duisburg"]
[BlackTeam "EFS Filtertechnik Erkrath"]
[WhiteTeamCountry "GER"]
[BlackTeamCountry "GER"]

1. Nc3 e6 2. e4 d6 3. d4 Nd7 4. Bd3 g6 5. Nf3 Bg7 6. Ne2 b6 7. c3 Bb7 8. O-O Ne7 9. Be3 a6 10. Qd2 h6 11. Rac1 Nf6 12. Ng3 Ng4 13. b3 O-O 14. Qe2 Nxe3 15. fxe3 e5 16. Rcd1 Qe8 17. Qc2 c5 18. d5 Kh7 19. Qe2 Ng8 20. c4 Bc8 21. Rb1 Bd7 22. Bc2 Ra7 23. h3 Qc8 1/2-1/2

[Event "XXII. DBMM Schach"]
[Site "Dresden"]
[Date "2024.01.19"]
[Round "4.4"]
[Board "4"]
[White "De Leroy, Babs"]
[Black "Feldhoff, Markus"]
[Result "0-1"]
[WhiteElo "1722"]
[BlackElo "1874"]
[Annotator "br"]
[PlyCount "61"]
[GameId "489223825354"]
[EventDate "2024.01.18"]
[EventType "team-swiss"]
[EventRounds "7"]
[EventCountry "GER"]
[Tiebreak "Buchholz"]
[SourceTitle "XXII. DBMM Schach"]
[Source "FV Schach e.V."]
[SourceDate "2024.01.21"]
[SourceVersion "1"]
[SourceVersionDate "2024.01.21"]
[SourceQuality "1"]
[WhiteTeam "EFS Filtertechnik Erkrath"]
[BlackTeam "Siemens Energy Duisburg"]
[WhiteTeamCountry "GER"]
[BlackTeamCountry "GER"]

1. d4 d6 2. c4 c6 3. e4 Qc7 4. Nf3 Bg4 5. Be2 Nd7 6. Nc3 e5 7. O-O Ngf6 8. h3 Bh5 9. Be3 Be7 10. Qc2 O-O 11. g4 Bg6 12. Rfd1 d5 13. Bd3 Bb4 14. Nh4 dxc4 15. Bxc4 exd4 16. Bxd4 Ne5 17. Be2 Bxc3 18. Nxg6 Nxg6 19. Bxc3 Qf4 20. Bxf6 Qxf6 21. Bf1 Ne5 22. Bg2 Rfe8 23. Qc3 Re7 24. Rd2 Rae8 25. Rad1 h5 26. Rd6 Qg5 27. gxh5 Qxh5 28. f4 Ng6 29. Qg3 Nh4 30. Bh1 Re6 31. Rd7 0-1

[Event "XXII. DBMM Schach"]
[Site "Dresden"]
[Date "2024.01.19"]
[Round "4.1"]
[Board "1"]
[White "Bressler, Patrick"]
[Black "Wirth, Steffen"]
[Result "1-0"]
[WhiteElo "2073"]
[BlackElo "1826"]
[Annotator "br"]
[PlyCount "35"]
[GameId "489223825358"]
[EventDate "2024.01.18"]
[EventType "team-swiss"]
[EventRounds "7"]
[EventCountry "GER"]
[Tiebreak "Buchholz"]
[SourceTitle "XXII. DBMM Schach"]
[Source "FV Schach e.V."]
[SourceDate "2024.01.21"]
[SourceVersion "1"]
[SourceVersionDate "2024.01.21"]
[SourceQuality "1"]
[WhiteTeam "Gardez Robe Berlin"]
[BlackTeam "Gardez Robe Berlin II"]
[WhiteTeamCountry "GER"]
[BlackTeamCountry "GER"]

1. e4 c5 2. Nf3 e6 3. d3 Nc6 4. g3 g6 5. Bg2 Bg7 6. O-O Nge7 7. c3 d5 8. Nbd2 O-O 9. Re1 b5 10. e5 f6 11. exf6 Bxf6 12. Nb3 e5 13. Bh6 Re8 14. Nxc5 Qd6 15. d4 exd4 16. Nxd4 Ne5 17. Nd3 Rb8 18. Bf4 1-0

[Event "XXII. DBMM Schach"]
[Site "Dresden"]
[Date "2024.01.19"]
[Round "4.2"]
[Board "2"]
[White "Humke, Andreas"]
[Black "Weiss, Christian"]
[Result "1-0"]
[WhiteElo "1919"]
[BlackElo "2109"]
[Annotator "br"]
[PlyCount "81"]
[GameId "489223825359"]
[EventDate "2024.01.18"]
[EventType "team-swiss"]
[EventRounds "7"]
[EventCountry "GER"]
[Tiebreak "Buchholz"]
[SourceTitle "XXII. DBMM Schach"]
[Source "FV Schach e.V."]
[SourceDate "2024.01.21"]
[SourceVersion "1"]
[SourceVersionDate "2024.01.21"]
[SourceQuality "1"]
[WhiteTeam "Gardez Robe Berlin II"]
[BlackTeam "Gardez Robe Berlin"]
[WhiteTeamCountry "GER"]
[BlackTeamCountry "GER"]

1. e4 e5 2. Nf3 Nc6 3. d4 exd4 4. Bc4 Nf6 5. e5 d5 6. Bb5 Ne4 7. Nxd4 Bd7 8. Bxc6 bxc6 9. O-O Bc5 10. f3 Ng5 11. f4 Ne4 12. Be3 Bb6 13. Nd2 c5 14. N4b3 Nxd2 15. Qxd2 d4 16. Bf2 Bc6 17. c4 Qd7 18. Bh4 Qg4 19. Qf2 O-O 20. f5 Rfe8 21. h3 Qh5 22. Rae1 a5 23. g4 Qh6 24. Kh2 Bb7 25. e6 fxe6 26. g5 Qh5 27. f6 gxf6 28. gxf6 Kf7 29. Rg1 Rg8 30. Rg7+ Rxg7 31. fxg7+ Kg8 32. Rf1 Qf5 33. Qxf5 exf5 34. Rxf5 Kxg7 35. Nxc5 Bc6 36. Ne6+ Kg8 37. Bd8 Rxd8 38. Nxd8 Be4 39. Re5 d3 40. Rxe4 d2 41. Re8+ 1-0